El héroe de las mil caras
Uloženo v:
| Hlavní autor: | |
|---|---|
| Médium: | Kniha |
| Jazyk: | španělština |
| Vydáno: |
Ciudad de México
Fondo de Cultura Económica
2014
|
| Vydání: | 2a. ed |
| Edice: | Sección de Obras de Antropología
|
| Témata: | |
| Tagy: |
Přidat tag
Žádné tagy, Buďte první, kdo vytvoří štítek k tomuto záznamu!
|
MARC
| LEADER | 00000cam a2200000 a 4500 | ||
|---|---|---|---|
| 001 | UCE5496 | ||
| 003 | CL-VaPUC | ||
| 008 | 150115e20140000mx |||||||||||||||||spa|d | ||
| 020 | |a 9786071620132 | ||
| 082 | 0 | 4 | |a 291.13 |b CAM |2 21 |
| 100 | 0 | |a Campbell, Joseph |e author |9 479632 | |
| 245 | 1 | 3 | |a El héroe de las mil caras |
| 250 | |a 2a. ed | ||
| 300 | |a 480 p | ||
| 942 | |c BK | ||
| 945 | |d 20150115 11:28:00 |a arojas | ||
| 260 | |a Ciudad de México |b Fondo de Cultura Económica |c 2014 | ||
| 650 | 7 | |a MITO ASPECTOS PSICOLOGICOS |2 CL-VaPUC |9 326915 | |
| 650 | 0 | |a Simbolismo (Psicología) |9 265075 | |
| 650 | 7 | |a PSICONALISIS |2 CL-VaPUC |9 336066 | |
| 583 | |a last modification |c 20150115 11:28:00 |k Rodrigo Vera | ||
| 490 | 0 | |a Sección de Obras de Antropología | |
| 999 | |c 358211 |d 358209 | ||
| 952 | |0 0 |1 0 |3 erb |4 0 |6 291_130000000000000_CAM_2014 |7 0 |8 A |9 466774 |a BIBART |b BIBART |i 5134757 |l 14 |m 3 |o 291.13 CAM 2014 |p 5134757 |r 2025-03-13 |s 2023-09-06 |w 2019-11-23 |y BK |z Catalogado en:20150115 |k ART | ||